[Event "Hastings Masters 2018-19"]
[Site "Hastings ENG"]
[Date "2019.01.01"]
[Round "5.35"]
[White "Norinkeviciute, Rasa"]
[Black "Butt, Laurence"]
[Result "1/2-1/2"]
[WhiteTitle "WFM"]
[WhiteElo "2028"]
[BlackElo "1635"]
[WhiteFideId "12801925"]
[BlackFideId "440884"]
[EventDate "2018.12.28"]

1. c4 e5 2. g3 f5 3. Nc3 Nf6 4. Nf3 e4 5. Nh4 d6 6. d4 Be7 7. e3 O-O 8. Be2 Nc6
9. a3 Ng4 10. Ng2 Nf6 11. h4 Kh8 12. Nf4 Qe8 13. b4 Bd8 14. Bb2 Ne7 15. d5 Ng6
16. h5 Ne5 17. Nb5 a6 18. Nd4 Nfg4 19. Nde6 Bxe6 20. Nxe6 Rf6 21. Kf1 Nh6 22.
Kg2 Rf7 23. Nxd8 Rxd8 24. Qd4 Qe7 25. Rad1 Rdf8 26. c5 Qg5 27. Rh4 Ng8 28. cxd6
cxd6 29. Qb6 Qh6 30. Rhh1 Qg5 31. Rh4 Qh6 32. Rc1 Qf6 33. Rhh1 Qe7 34. Rc2 Nf6
35. Qd4 Rg8 36. a4 h6 37. Rhc1 Nh7 38. Qb6 Nd3 39. Bxd3 exd3 40. Rc4 Qg5 41. Qd4
Qxh5 42. Qxd3 Ng5 43. Rh4 Qf3+ 44. Kg1 Kh7 45. Rc2 Re8 46. Rcc4 Re4 47. Qc2 Rxh4
48. Rxh4 Qxd5 49. Kf1 Ne4 50. Ke2 g5 51. Rh3 g4 52. Rh2 Kg6 53. Bd4 Qc6 54. Qb3
d5 55. b5 axb5 56. axb5 Qe6 57. Rh1 Rc7 58. Ra1 Ng5 59. Qd3 Qe4 60. Qxe4 fxe4
61. Ra2 Nf3 62. Bb6 Rd7 63. Rc2 Ne5 64. Rc8 Rf7 65. Ba5 Nd3 66. Be1 Kf5 67. Rh8
Rf6 68. Rd8 Ke6 69. Rg8 Kd6 70. Rc8 h5 71. b6 Nxe1 72. Kxe1 Ke5 73. Rh8 Kd6 74.
Rxh5 Kc5 75. Rg5 Rxb6 76. Rxg4 Kc4 77. Rg7 Kd3 78. Kf1 Rb1+ 79. Kg2 b5 80. g4
Ke2 81. Rc7 b4 82. Rc2+ Kd3 83. Rc5 b3 84. Rxd5+ Kc2 85. Rd4 b2 86. Rxe4 Rg1+
87. Kxg1 b1=Q+ 88. Kg2 Kd2 89. Rf4 Ke2 90. Rf5 Qf1+ 91. Kh2 Qa1 92. Rf4 Qa7 1/2-1/2

[Event "Hastings Masters 2018-19"]
[Site "Hastings ENG"]
[Date "2019.01.01"]
[Round "5.36"]
[White "Salmons, Calum"]
[Black "Kearsley, Raymond J"]
[Result "1-0"]
[WhiteElo "1905"]
[BlackElo "1537"]
[WhiteFideId "437280"]
[BlackFideId "470562"]
[EventDate "2018.12.28"]

1. e4 c5 2. Nf3 g6 3. d4 cxd4 4. Nxd4 Nc6 5. Be3 Bg7 6. Nc3 Nf6 7. Bc4 Nxe4 8.
Nxe4 d5 9. Bb5 dxe4 10. Nxc6 Bd7 11. Nxd8 1-0

[Event "Hastings Masters 2018-19"]
[Site "Hastings ENG"]
[Date "2019.01.01"]
[Round "5.37"]
[White "Metcalfe, Charlie P"]
[Black "Choi, Shinwoo"]
[Result "1-0"]
[WhiteElo "1743"]
[BlackElo "1219"]
[WhiteFideId "443883"]
[BlackFideId "13209892"]
[EventDate "2018.12.28"]

1. d4 d5 2. Nf3 Nf6 3. c4 e6 4. Nc3 Be7 5. Bg5 Nbd7 6. e3 O-O 7. Bd3 h6 8. Bh4
c5 9. cxd5 cxd4 10. exd4 exd5 11. O-O Nb6 12. Ne5 Nfd7 13. Bxe7 Qxe7 14. Re1 Qg5
15. Nxd7 Bxd7 16. Re5 Qd8 17. Nxd5 Be6 18. Nc3 Qxd4 19. Bh7+ 1-0

[Event "Hastings Masters 2018-19"]
[Site "Hastings ENG"]
[Date "2019.01.01"]
[Round "5.38"]
[White "Stoyanov, Boris"]
[Black "Park, Sijoon"]
[Result "1-0"]
[WhiteElo "1583"]
[BlackElo "1243"]
[WhiteFideId "456462"]
[BlackFideId "13207296"]
[EventDate "2018.12.28"]

1. d4 Nf6 2. Bf4 g6 3. e3 Bg7 4. Nf3 d6 5. Bd3 O-O 6. O-O Re8 7. c4 Nbd7 8. e4
e5 9. dxe5 Nxe5 10. Bxe5 dxe5 11. Nc3 Bg4 12. h3 Bxf3 13. Qxf3 Qe7 14. a3 c6 15.
Rad1 Rad8 16. Rd2 Rd7 17. Rfd1 Qd8 18. Qe3 a6 19. b4 b5 20. c5 Rd4 21. Ne2 Rd7
22. g4 Kf8 23. g5 Nh5 24. Bxb5 Rxd2 25. Rxd2 Qc8 26. Bc4 Kg8 27. Qd3 Rf8 28.
Bxa6 Qe6 29. Bc4 Qc8 30. Qd7 Qxd7 31. Rxd7 Rc8 32. Rxf7 Kh8 33. a4 1-0

[Event "Hastings Masters 2018-19"]
[Site "Hastings ENG"]
[Date "2019.01.01"]
[Round "5.39"]
[White "Witt, Holger"]
[Black "Kolani, Arjun"]
[Result "0-1"]
[WhiteElo "1567"]
[BlackElo "1533"]
[WhiteFideId "24678139"]
[BlackFideId "446700"]
[EventDate "2018.12.28"]

1. d4 Nf6 2. Bf4 d5 3. c3 c5 4. Nd2 Nc6 5. Ngf3 e6 6. e3 Bd6 7. Bg3 O-O 8. Bd3
b6 9. Ne5 Qc7 10. Nxc6 Qxc6 11. Bxd6 Qxd6 12. f4 Bb7 13. Qf3 Qc6 14. O-O Ne4 15.
Qh3 f5 16. Nf3 Rf6 17. Ne5 Qe8 18. Rad1 Qa4 19. Bxe4 dxe4 20. dxc5 bxc5 21. Rd7
Ba6 22. Rfd1 Bb5 23. R7d6 Bd3 24. Rd2 c4 25. a3 Qb3 26. Qh5 Rb8 27. Nd7 Rh6 28.
Qg5 Qa2 29. Rd1 Qb3 30. Rd2 Qa2 31. Rd1 Rg6 32. Qh4 Qxb2 33. Qh3 Qc2 34. Re1 Rb1
35. Qh4 Qxg2# 0-1

[Event "Hastings Masters 2018-19"]
[Site "Hastings ENG"]
[Date "2019.01.02"]
[Round "6.1"]
[White "Cherniaev, Alexander"]
[Black "Gormally, Daniel W"]
[Result "1/2-1/2"]
[WhiteTitle "GM"]
[BlackTitle "GM"]
[WhiteElo "2390"]
[BlackElo "2481"]
[WhiteFideId "4117301"]
[BlackFideId "406465"]
[EventDate "2018.12.28"]

1. e4 e5 2. Nf3 Nf6 3. Nxe5 d6 4. Nf3 Nxe4 5. Bd3 d5 6. O-O Be7 7. Re1 Nc5 8.
Bf1 O-O 9. d4 Ne4 10. c4 Bb4 11. Re3 c6 12. Nc3 Nxc3 13. bxc3 Bd6 14. Rb1 Nd7
15. Ne5 Nf6 16. Bd3 dxc4 17. Bxc4 Qc7 18. Qf3 Nd5 19. Re1 Be6 20. Bd2 Rfe8 21.
Bd3 Bf8 22. c4 Ne7 23. Bf4 Qa5 24. h3 Rad8 25. Be3 Qc7 26. Rec1 f6 27. Ng4 Ng6
28. d5 Bxg4 29. Qxg4 Ne5 30. Qd1 b6 31. Bf1 Qf7 32. Rc2 cxd5 33. Rd2 d4 34. Bxd4
Nxc4 35. Rd3 Ne5 36. Bxe5 Rxd3 37. Bxd3 Rxe5 38. Qc2 Rc5 39. Bxh7+ Kh8 40. Bg6
Rxc2 41. Bxf7 Bc5 42. Bg6 Rxf2 43. Kh1 Rxa2 44. Rd1 Kg8 45. Rd8+ Bf8 46. Kh2 Ra3
47. Rb8 b5 48. Rxb5 Bd6+ 49. Kg1 Bg3 50. Rf5 Kf8 51. Rf3 Ra1+ 52. Rf1 Bh2+ 53.
Kf2 Ra2+ 54. Kf3 Ra3+ 55. Ke2 Ke7 56. Rb1 Bc7 57. Rd1 Bb6 58. Rd3 Ra2+ 59. Kf3
Rf2+ 60. Kg3 Ke6 61. h4 Rb2 62. Kf3 f5 63. g4 fxg4+ 64. Kxg4 Rb4+ 65. Kh3 a5 66.
Be8 Bc5 67. Bd7+ Ke5 68. Bc6 Be7 69. Rd5+ Kf4 70. Rxa5 Rb3+ 71. Kg2 Bxh4 72.
Ra4+ Kg5 73. Ra5+ Kf6 74. Bf3 g5 75. Ra4 Be1 76. Re4 Bd2 77. Bg4 Bf4 78. Kf2 Rg3
79. Bf3 Kf5 80. Ra4 Rh3 81. Ra5+ Kf6 82. Ra6+ Ke7 83. Ke2 Rh2+ 84. Kd3 Rb2 85.
Ke4 Rb5 86. Bh5 Bc1 87. Rc6 Rb4+ 88. Ke5 Bb2+ 89. Kf5 Rb5+ 90. Ke4 1/2-1/2

[Event "Hastings Masters 2018-19"]
[Site "Hastings ENG"]
[Date "2019.01.02"]
[Round "6.2"]
[White "Korneev, Oleg"]
[Black "Hawkins, Jonathan"]
[Result "1/2-1/2"]
[WhiteTitle "GM"]
[BlackTitle "GM"]
[WhiteElo "2545"]
[BlackElo "2569"]
[WhiteFideId "4156803"]
[BlackFideId "412686"]
[EventDate "2018.12.28"]

1. e4 e5 2. Bc4 Nf6 3. d3 c6 4. Nf3 d5 5. Bb3 Bb4+ 6. Bd2 Bxd2+ 7. Nbxd2 Nbd7 8.
O-O O-O 9. Re1 Qc7 10. d4 exd4 11. exd5 cxd5 12. Nxd4 Nc5 13. Nf1 Be6 14. c3
Rfe8 15. Ne3 Qf4 16. Qf3 Qxf3 17. Nxf3 Nd3 18. Re2 Nf4 19. Rd2 Ne4 20. Rdd1 Rad8
21. Nd4 a6 22. Kf1 Rd6 23. Ne2 Nxe2 24. Kxe2 Rb6 25. Kf1 Nc5 26. Nxd5 Bxd5 27.
Rxd5 Nxb3 28. axb3 Rxb3 29. Re1 Rxe1+ 30. Kxe1 Kf8 31. Rd2 Ke7 32. Kd1 1/2-1/2

[Event "Hastings Masters 2018-19"]
[Site "Hastings ENG"]
[Date "2019.01.02"]
[Round "6.3"]
[White "Petrov, Martin"]
[Black "Willow, Jonah B"]
[Result "1-0"]
[WhiteTitle "IM"]
[BlackTitle "FM"]
[WhiteElo "2472"]
[BlackElo "2218"]
[WhiteFideId "2911086"]
[BlackFideId "438804"]
[EventDate "2018.12.28"]

1. e4 c5 2. Nf3 e6 3. d4 cxd4 4. Nxd4 a6 5. Nc3 Qc7 6. Be2 b5 7. O-O Bb7 8. Re1
Nc6 9. Nxc6 dxc6 10. a4 Bd6 11. g3 Rd8 12. Bd3 Be5 13. Qf3 Nf6 14. Bf4 O-O 15.
Bxe5 Qxe5 16. Qe3 Ng4 17. Qf4 Qh5 18. h4 e5 19. Qg5 Nf6 20. Qxh5 Nxh5 21. axb5
cxb5 22. Nb1 Nf6 23. Nd2 Nd7 24. b4 Nb8 25. Nb3 Rd6 26. Nc5 Bc8 27. Red1 Rfd8
28. Be2 Rxd1+ 29. Bxd1 Rd6 30. c3 Nd7 31. Bg4 Nxc5 32. bxc5 Rd8 33. Bxc8 Rxc8
34. Rxa6 Kf8 35. c6 Ke7 36. Rb6 Kd6 37. Rxb5 Rxc6 38. Rd5+ Ke6 39. Rd3 Ra6 40.
Rd1 Ra3 41. Rd3 g6 42. Kg2 f5 43. Kf3 Ra4 44. exf5+ gxf5 45. Ke2 Ra2+ 46. Rd2
Ra3 47. Kd3 Kd5 48. Rb2 e4+ 49. Kd2 Kc4 50. Rb4+ Kc5 51. Rb7 Ra2+ 52. Ke1 Kd6
53. Rxh7 Ra1+ 54. Ke2 Ra2+ 55. Kf1 Ra1+ 56. Kg2 Ra2 57. Rh6+ Kd5 58. Rf6 Ke5 59.
Rf8 Rc2 60. Rc8 f4 61. Re8+ Kf6 62. Rf8+ Kg6 63. Rxf4 e3 64. Rf3 1-0

[Event "Hastings Masters 2018-19"]
[Site "Hastings ENG"]
[Date "2019.01.02"]
[Round "6.4"]
[White "Payne, Matthew J"]
[Black "Leenhouts, Koen"]
[Result "0-1"]
[BlackTitle "IM"]
[WhiteElo "2182"]
[BlackElo "2460"]
[WhiteFideId "417084"]
[BlackFideId "1008439"]
[EventDate "2018.12.28"]

1. e4 c5 2. Nf3 e6 3. b3 b6 4. Bd3 Bb7 5. O-O Nc6 6. Re1 Nge7 7. Bb2 Ng6 8. g3
Bd6 9. e5 Bc7 10. Na3 a6 11. Nc4 O-O 12. h4 f5 13. Nd6 Bxd6 14. exd6 Nb4 15. Ng5
Rf6 16. Bc4 b5 17. Bxf6 Qxf6 18. Bf1 Rf8 19. Bg2 Bxg2 20. Kxg2 f4 21. Qh5 h6 22.
Ne4 Qf7 23. Qd1 Qf5 24. a3 Nxh4+ 25. gxh4 f3+ 26. Kg3 h5 27. Kh2 Qg4 28. Ng3
Qxh4+ 29. Kg1 Qh3 30. Qxf3 Rxf3 31. axb4 h4 32. Ne4 Qg4+ 33. Kf1 h3 34. d3 h2
35. Ke2 c4 36. bxc4 bxc4 37. Kd2 c3+ 38. Nxc3 Qf4+ 39. Kd1 Rxf2 40. Ne2 Qf3 0-1

[Event "Hastings Masters 2018-19"]
[Site "Hastings ENG"]
[Date "2019.01.02"]
[Round "6.5"]
[White "Lalic, Bogdan"]
[Black "Petrov, Vladimir Sergeev"]
[Result "1/2-1/2"]
[WhiteTitle "GM"]
[BlackTitle "IM"]
[WhiteElo "2418"]
[BlackElo "2365"]
[WhiteFideId "409081"]
[BlackFideId "2902940"]
[EventDate "2018.12.28"]

1. d4 Nf6 2. c4 e6 3. g3 Bb4+ 4. Bd2 Be7 5. Bg2 d5 6. Nf3 O-O 7. O-O c6 8. Qc2
b6 9. Rd1 Ba6 10. b3 Nbd7 11. a4 Ne4 12. Be1 f5 13. Na3 Bf6 14. b4 Qe7 15. Qb3
Bb7 16. Rac1 Rac8 17. e3 g5 18. Nd2 Kg7 19. Rc2 h5 20. f3 Nxd2 21. Rcxd2 g4 22.
f4 1/2-1/2

[Event "Hastings Masters 2018-19"]
[Site "Hastings ENG"]
[Date "2019.01.02"]
[Round "6.6"]
[White "Murphy, Conor E"]
[Black "Kjartansson, Gudmundur"]
[Result "1-0"]
[WhiteTitle "FM"]
[BlackTitle "IM"]
[WhiteElo "2313"]
[BlackElo "2424"]
[WhiteFideId "421669"]
[BlackFideId "2301318"]
[EventDate "2018.12.28"]

1. e4 Nc6 2. Nf3 d6 3. d4 g6 4. d5 Nb8 5. Nc3 Bg7 6. Be3 Nf6 7. Qd2 c6 8. O-O-O
Qa5 9. Kb1 Ng4 10. Bd4 Bh6 11. Qe1 f6 12. h3 Ne5 13. Be3 Nxf3 14. gxf3 Bg7 15.
h4 Na6 16. h5 Nc7 17. Bd2 Na6 18. h6 Bf8 19. Nb5 Qd8 20. Nd4 e5 21. dxe6 Nc5 22.
Ba5 Qe7 23. Nb5 cxb5 24. Bxb5+ Nd7 25. exd7+ Bxd7 26. Bxd7+ Qxd7 27. f4 Qe6 28.
Bc3 Be7 29. Rd5 Rf8 30. f5 gxf5 31. Rxf5 Rg8 32. Qe2 Kf7 33. f4 Rg6 34. Qh5 Qxe4
35. Re1 Qc6 36. Rg5 fxg5 37. f5 Rg8 38. Bg7 Bf6 39. fxg6+ hxg6 40. Qe2 d5 41.
Bxf6 1-0

[Event "Hastings Masters 2018-19"]
[Site "Hastings ENG"]
[Date "2019.01.02"]
[Round "6.10"]
[White "Sarkar, Justin"]
[Black "Anderson, John"]
[Result "1/2-1/2"]
[WhiteTitle "IM"]
[WhiteElo "2345"]
[BlackElo "2163"]
[WhiteFideId "2010011"]
[BlackFideId "405353"]
[EventDate "2018.12.28"]

1. d4 d5 2. c4 c6 3. Nf3 Nf6 4. Nc3 dxc4 5. a4 Bf5 6. e3 e6 7. Bxc4 Bb4 8. O-O
Nbd7 9. Qe2 Bg6 10. Ne1 O-O 11. Nd3 Bxd3 12. Bxd3 Qe7 13. Na2 Bd6 14. e4 Bc7 15.
e5 Nd5 16. Nc3 f5 17. Nxd5 cxd5 18. a5 a6 19. Bd2 Nb8 20. Bc3 Nc6 21. Ra4 Rfc8
22. Kh1 Bd8 23. g4 f4 24. Qf3 g5 25. h4 Qg7 26. Kg2 h6 27. hxg5 Bxg5 28. Rh1 Rc7
29. Rh3 Qd7 30. Qd1 Rac8 31. f3 Kg7 32. Bc2 Kg8 33. Ra3 Qg7 34. Ba4 Na7 35. Rb3
Rc4 36. Rb6 Qf7 37. Rd6 R8c7 38. Bb3 R4c6 39. Ba4 Rc4 40. Bb3 R4c6 41. Rxc6 Rxc6
42. Bb4 Rc8 43. Qd2 Nc6 44. Bd6 Kg7 45. Ba4 Ne7 46. b4 Ng6 47. Bc5 Nh4+ 48. Kf2
h5 49. gxh5 Rh8 50. Bc2 Rxh5 51. Qd1 Nf5 52. Bxf5 Bh4+ 53. Rxh4 Rxh4 54. Qg1+
Kh8 55. Qg5 Rh2+ 56. Kg1 Rh5 57. Qd8+ Kg7 58. Bg4 Rh8 59. Qg5+ Kh7 60. Kf2 Rg8
61. Qh4+ Kg7 62. Be7 Qg6 63. Qf6+ Kh6 64. Qxf4+ Kh7 65. Qh2+ Kg7 66. Bf6+ Kf8
67. Ke3 Qb1 68. Qd2 Ke8 69. Qc3 Kd7 70. Kf2 Qh1 71. Ke2 Qg2+ 72. Ke3 Qf1 73. b5
axb5 74. a6 Qg1+ 75. Ke2 bxa6 76. Qc5 Qg2+ 77. Ke3 Qg1+ 78. Kd2 Qf2+ 79. Kd1
Qf1+ 80. Kd2 Qf2+ 81. Kd3 Qf1+ 82. Kd2 1/2-1/2

[Event "Hastings Masters 2018-19"]
[Site "Hastings ENG"]
[Date "2019.01.02"]
[Round "6.23"]
[White "Snape, Ian L"]
[Black "Fowler, David"]
[Result "1-0"]
[WhiteElo "2110"]
[BlackElo "1929"]
[WhiteFideId "404489"]
[BlackFideId "2461595"]
[EventDate "2018.12.28"]

1. c4 c6 2. d4 d5 3. Nf3 Nf6 4. e3 e6 5. Nc3 Nbd7 6. Qc2 Bd6 7. Bd3 dxc4 8. Bxc4
O-O 9. O-O e5 10. Rd1 Qe7 11. Bb3 e4 12. Nd2 Re8 13. f3 exf3 14. Nxf3 Nb6 15. e4
Nxe4 16. Re1 Bf5 17. Bg5 Nxg5 18. Qxf5 Nxf3+ 19. Qxf3 Qxe1+ 20. Rxe1 Rxe1+ 21.
Kf2 Re7 22. Ne4 Rd8 23. Qg4 Kf8 24. Ng5 h6 25. Nh7+ Ke8 26. Qxg7 Kd7 27. Nf6+
Kc7 28. Qxh6 Kb8 29. Qh4 Bb4 30. Qf4+ Ka8 31. h4 Nd5 32. Bxd5 cxd5 33. h5 Bd6
34. Qf5 Re6 35. h6 Be7 36. Nxd5 Bh4+ 37. g3 Bxg3+ 38. Kxg3 Rg8+ 39. Kf2 Rxh6 40.
Qf4 a6 41. Qxh6 1-0

[Event "Hastings Masters 2018-19"]
[Site "Hastings ENG"]
[Date "2019.01.02"]
[Round "6.29"]
[White "Willson, Ollie"]
[Black "Song, Jinwoo"]
[Result "1-0"]
[BlackTitle "FM"]
[WhiteElo "2081"]
[BlackElo "1907"]
[WhiteFideId "424714"]
[BlackFideId "413003"]
[EventDate "2018.12.28"]

1. d4 Nf6 2. c4 e5 3. dxe5 Ng4 4. Bf4 Bb4+ 5. Nd2 Nc6 6. Nf3 Qe7 7. e3 Ngxe5 8.
Nxe5 Nxe5 9. a3 Bd6 10. Ne4 Nxc4 11. Nxd6+ Nxd6 12. Rc1 g5 13. Bg3 Ne4 14. Qd4
O-O 15. Rxc7 Re8 16. Bd3 b6 17. O-O h5 18. Qd5 Nxg3 19. hxg3 Qe5 20. Qxe5 Rxe5
21. Rfc1 Re8 22. Bb5 Rd8 23. Rd1 d5 24. Bc6 Bg4 25. Rxd5 1-0

[Event "Hastings Masters 2018-19"]
[Site "Hastings ENG"]
[Date "2019.01.02"]
[Round "6.31"]
[White "Rice, Chris B"]
[Black "Carulla Pons, Carlos"]
[Result "1-0"]
[WhiteElo "1998"]
[BlackElo "1780"]
[WhiteFideId "404446"]
[BlackFideId "24571768"]
[EventDate "2018.12.28"]

1. c4 Nf6 2. g3 g6 3. Bg2 Bg7 4. Nc3 e5 5. e4 O-O 6. Nge2 c6 7. O-O d6 8. h3 Be6
9. d3 Qd7 10. Kh2 d5 11. b3 dxe4 12. dxe4 Rd8 13. Be3 Qe7 14. Qc2 Ne8 15. Rad1
Na6 16. Rxd8 Qxd8 17. Rd1 Qe7 18. Qd2 Bf6 19. f4 Rd8 20. Qxd8 Qxd8 21. Rxd8 Bxd8
22. Bxa7 exf4 23. gxf4 Bc7 24. Kg1 f6 25. Be3 Kf7 26. Nd4 Bc8 27. Kf2 Ba5 28.
Na4 Ke7 29. Ke2 Ng7 30. a3 Ne6 31. b4 Bc7 32. Nxe6 Bxe6 33. Kd3 b5 34. Nb2 Bd7
35. Kc3 Bb8 36. Nd3 Be6 37. cxb5 cxb5 38. Bd4 Bd7 39. e5 fxe5 40. Nxe5 Be8 41.
Nc6+ Ke6 42. Nxb8 Nxb8 43. Be5 Nc6 44. Bc7 Ne7 45. Kd4 Kd7 46. Bb6 Nc8 47. Bc5
Nd6 48. Bd5 Nf7 49. Bf8 Kc7 50. Kc5 Nd8 51. Bd6+ Kc8 52. Kb6 Bd7 53. h4 h6 54.
Bf8 h5 55. Be7 Ne6 56. Bb7+ 1-0

[Event "Hastings Masters 2018-19"]
[Site "Hastings ENG"]
[Date "2019.01.02"]
[Round "6.32"]
[White "Byrn, Carsten"]
[Black "Ruane, Brendan J"]
[Result "0-1"]
[WhiteElo "1961"]
[BlackElo "1874"]
[WhiteFideId "1406345"]
[BlackFideId "430218"]
[EventDate "2018.12.28"]

1. c4 Nc6 2. g3 d5 3. cxd5 Qxd5 4. Nf3 Nf6 5. Bg2 Qh5 6. h3 e5 7. d3 h6 8. a3
Bd6 9. Nc3 Be6 10. b4 a5 11. b5 Nd4 12. Nxd4 exd4 13. Bxb7 O-O 14. Bf3 Qc5 15.
Ne4 Nxe4 16. Bxe4 Bd5 17. a4 f5 18. Bxd5+ Qxd5 19. O-O f4 20. Rb1 Qe5 21. f3
fxg3 22. f4 Qf5 23. Kg2 Rae8 24. Rf3 Rf6 25. Rb2 Kh7 26. Qg1 Qd5 27. Rc2 Bxf4
28. Bxf4 Rxf4 29. Kxg3 Rxe2 30. Rxf4 Rxc2 31. Qh1 Qe5 32. Qf3 Re2 33. Qg4 Re3+
34. Kf2 Rxd3 35. Qf5+ Qxf5 36. Rxf5 Rxh3 37. Rc5 Rc3 38. Rd5 Rc4 39. Ke2 Rxa4
40. Rc5 Rb4 41. Rxc7 Rxb5 0-1

[Event "Hastings Masters 2018-19"]
[Site "Hastings ENG"]
[Date "2019.01.02"]
[Round "6.33"]
[White "Fryer, David W"]
[Black "Metcalfe, Charlie P"]
[Result "1/2-1/2"]
[WhiteElo "1932"]
[BlackElo "1743"]
[WhiteFideId "406384"]
[BlackFideId "443883"]
[EventDate "2018.12.28"]

1. e4 e6 2. d3 d5 3. Nd2 c5 4. Ngf3 Nc6 5. g3 Nf6 6. Bg2 Be7 7. O-O O-O 8. Re1
b5 9. e5 Nd7 10. Nf1 a5 11. h4 b4 12. Bf4 a4 13. a3 bxa3 14. bxa3 Rb8 15. N1h2
Ba6 16. h5 h6 17. Ng4 Nd4 18. Nxd4 cxd4 19. Nxh6+ gxh6 20. Bxh6 Kh7 21. Bc1 Qa5
22. f4 Qc3 23. Bd2 Qb2 24. h6 Rbc8 25. Rc1 Bxa3 26. Qg4 Rg8 27. Qh5 Rcf8 28.
Bxd5 Bxd3 29. cxd3 Rxg3+ 30. Kh2 Qxd2+ 31. Kxg3 Rg8+ 32. Kh3 exd5 33. Qxf7+ Kh8
34. Rg1 Qe3+ 35. Kh2 Qf2+ 36. Kh3 Rxg1 37. Rc8+ Bf8 38. Rxf8+ Nxf8 39. Qxf8+ Kh7
40. Qf7+ Kxh6 41. Qf6+ Kh7 42. Qf7+ Kh6 43. Qf6+ 1/2-1/2

[Event "Hastings Masters 2018-19"]
[Site "Hastings ENG"]
[Date "2019.01.02"]
[Round "6.34"]
[White "Butt, Laurence"]
[Black "Royal, Shreyas"]
[Result "1/2-1/2"]
[BlackTitle "CM"]
[WhiteElo "1635"]
[BlackElo "1892"]
[WhiteFideId "440884"]
[BlackFideId "448869"]
[EventDate "2018.12.28"]

1. d4 Nf6 2. e3 g6 3. f4 Bg7 4. Nf3 O-O 5. Be2 c5 6. O-O d5 7. c3 Nc6 8. Bd2 c4
9. Be1 b5 10. Bh4 a5 11. Bxf6 exf6 12. Re1 Re8 13. Bf1 Ra7 14. a4 b4 15. e4 Rae7
16. e5 fxe5 17. fxe5 Qb6 18. Kh1 f6 19. exf6 Bxf6 20. Rxe7 Rxe7 21. Nbd2 Bf5 22.
h3 Qb8 23. g4 Bd7 24. Bg2 Qd6 25. Qg1 Be6 26. Qh2 Qd7 27. Re1 Qe8 28. Qd6 b3 29.
g5 Bg7 30. Ne5 Nxe5 31. dxe5 Rd7 32. Qa6 Qe7 33. Nf3 Ra7 34. Qb6 Qd7 35. Kh2 Ra8
36. Nd4 Re8 37. Qxa5 Bxe5+ 38. Kg1 Bxd4+ 39. cxd4 Bf7 40. Rxe8+ Qxe8 41. Kf2 Qe6
42. h4 Kg7 43. Qc7 h6 44. gxh6+ Kxh6 45. a5 Qf6+ 46. Ke3 Qe6+ 47. Kf3 Qe4+ 48.
Kg3 Qe1+ 49. Kf3 Qd1+ 50. Kg3 Qe1+ 51. Kf3 1/2-1/2

[Event "Hastings Masters 2018-19"]
[Site "Hastings ENG"]
[Date "2019.01.02"]
[Round "6.35"]
[White "Rahulan, Thivyaa"]
[Black "Eames, Robert S"]
[Result "0-1"]
[BlackTitle "FM"]
[WhiteElo "1814"]
[BlackElo "2157"]
[WhiteFideId "431940"]
[BlackFideId "408743"]
[EventDate "2018.12.28"]

1. e4 c5 2. Nf3 e6 3. d4 cxd4 4. Nxd4 Nc6 5. Nc3 Qc7 6. Be3 a6 7. Be2 Nf6 8. Qd2
Bb4 9. f3 Ne5 10. g4 h6 11. a3 Be7 12. h4 b5 13. Kf2 Bb7 14. Rag1 g6 15. g5 hxg5
16. hxg5 Rxh1 17. Rxh1 Nh5 18. f4 Nc4 19. Bxc4 Qxc4 20. Rh3 b4 21. axb4 Bxb4 22.
Qd3 Rc8 23. Nce2 a5 24. Bc1 Qc7 25. Be3 Bc5 26. Nb5 Qb6 27. Bxc5 Rxc5 28. Nbd4
Ba6 29. Qe3 Qxb2 30. Nxe6 Rxc2 31. Nd4 Rxe2+ 32. Nxe2 Bxe2 33. Qc3 Qxc3 34. Rxc3
Bb5 35. Rc5 Bc6 36. Rxa5 Nxf4 37. Ke3 Ne6 38. Kd3 Ke7 39. Ke3 Kd6 40. Kf3 Nc5
41. Kf4 Nxe4 42. Re5 Nc5 43. Re8 Ne6+ 44. Kg4 Be4 45. Kh4 Bf5 46. Ra8 Ke5 47.
Ra7 d5 48. Rxf7 d4 49. Ra7 d3 50. Ra8 Kf4 51. Ra1 Be4 0-1

[Event "Hastings Masters 2018-19"]
[Site "Hastings ENG"]
[Date "2019.01.02"]
[Round "6.36"]
[White "Stoyanov, Boris"]
[Black "Norinkeviciute, Rasa"]
[Result "0-1"]
[BlackTitle "WFM"]
[WhiteElo "1583"]
[BlackElo "2028"]
[WhiteFideId "456462"]
[BlackFideId "12801925"]
[EventDate "2018.12.28"]

1. d4 Nf6 2. Bf4 d6 3. e3 Nbd7 4. h3 c5 5. Nf3 Qb6 6. Qc1 g6 7. Be2 Bg7 8. c3 a6
9. O-O O-O 10. Bh2 Qa7 11. a4 b6 12. Nbd2 Bb7 13. b4 Rac8 14. Qa3 Qa8 15. b5
cxd4 16. cxd4 a5 17. Rac1 Ne4 18. Rxc8 Rxc8 19. Rc1 Bf6 20. Rxc8+ Qxc8 21. Nxe4
Bxe4 22. Bd3 Bxd3 23. Qxd3 Qc1+ 24. Qf1 Qc2 25. Qa1 Nc5 26. Ne1 Qc4 27. Qd1 Nxa4
28. Qd3 Qxd3 29. Nxd3 Nc3 30. Nb2 Nxb5 31. Na4 Kf8 32. Nxb6 Nc3 33. Nd7+ Kg7 34.
Nxf6 Kxf6 35. Bf4 Ne2+ 36. Kf1 Nxf4 37. exf4 a4 0-1

[Event "Hastings Masters 2018-19"]
[Site "Hastings ENG"]
[Date "2019.01.02"]
[Round "6.37"]
[White "Choi, Shinwoo"]
[Black "Kolani, Arjun"]
[Result "0-1"]
[WhiteElo "1219"]
[BlackElo "1533"]
[WhiteFideId "13209892"]
[BlackFideId "446700"]
[EventDate "2018.12.28"]

1. e4 e5 2. Nf3 Nc6 3. Bb5 a6 4. Ba4 Nf6 5. d3 b5 6. Bb3 Bc5 7. O-O d6 8. Bg5 h6
9. Bh4 g5 10. Bg3 O-O 11. a3 Bb6 12. Nc3 Bg4 13. h3 Bh5 14. Nd5 Nd4 15. Nxb6
cxb6 16. c3 Nxf3+ 17. gxf3 Re8 18. Re1 Qd7 19. Kg2 Rad8 20. c4 bxc4 21. Bxc4 b5
22. Bb3 d5 23. exd5 Nxd5 24. Rxe5 Rxe5 25. Bxe5 Qf5 26. Bh2 Nf4+ 27. Bxf4 Rxd3
28. Qc2 Bxf3+ 29. Kh2 Qxf4+ 30. Kg1 Be4 31. Qc8+ Kg7 32. Bc2 Rd2 33. Qc3+ f6 34.
Qc5 Bxc2 35. Qe7+ Kg6 36. Qe8+ Kf5 37. Qc8+ Ke5 38. Qe8+ Kd5 39. Qa8+ Kc5 40.
Qc8+ Kb6 41. Qe6+ Rd6 42. Qc8 Rc6 43. Qd8+ Qc7 44. Qd4+ Kb7 45. Qd5 Bg6 46. Rc1
Qd6 47. Qg8 Rxc1+ 0-1

[Event "Hastings Masters 2018-19"]
[Site "Hastings ENG"]
[Date "2019.01.02"]
[Round "6.38"]
[White "Kearsley, Raymond J"]
[Black "Park, Sijoon"]
[Result "1-0"]
[WhiteElo "1537"]
[BlackElo "1243"]
[WhiteFideId "470562"]
[BlackFideId "13207296"]
[EventDate "2018.12.28"]

1. e4 c5 2. Nf3 e6 3. d3 a6 4. Nbd2 Qc7 5. g3 Nf6 6. Bg2 Nc6 7. O-O Be7 8. a4
O-O 9. Re1 d6 10. a5 Nxa5 11. c4 Nc6 12. Nf1 Bd7 13. Ne3 Rfe8 14. Bd2 Rac8 15.
Bc3 Rcd8 16. h4 h6 17. Nc2 e5 18. Ne3 Be6 19. Nd5 Bxd5 20. cxd5 Nd4 21. Nxd4
cxd4 22. Bb4 Rc8 23. Bh3 Rcd8 24. Qb3 Rb8 25. Rec1 Qb6 26. Qa3 g5 27. hxg5 hxg5
28. Bf5 Kg7 29. Rc4 Rh8 30. Rac1 Qd8 31. Rc7 Ra8 32. Rxb7 Rc8 33. Rxc8 1-0